[Event "Belgrade-chT"]
[Site "Belgrade"]
[Date "2014.05.09"]
[Round "4"]
[White "Nikolic, Dragoslav"]
[Black "Todorovic, Milos"]
[Result "1/2-1/2"]
[WhiteElo "2237"]
[BlackElo "2086"]
[PlyCount "103"]
[EventDate "2014.05.05"]
[EventType "swiss"]
[EventRounds "5"]
[EventCountry "SRB"]
[SourceTitle "CBM 160 Extra"]
[Source "ChessBase"]
[SourceDate "2014.07.01"]
[SourceVersion "1"]
[SourceVersionDate "2014.07.01"]
[SourceQuality "1"]

1. e4 e5 2. Nf3 Nc6 3. Bb5 a6 4. Ba4 Nf6 5. Qe2 b5 6. Bb3 Bc5 7. c3 d6 8. 0-0 0-0 9. d3 h6 10. Be3 Bxe3 11. Qxe3 Qe7 12. Nh4 Be6 13. Nf5 Bxf5 14. exf5 d5 15. Nd2 Rfe8 16. Rae1 Na5 17. Bc2 Nd7 18. f4 f6 19. b4 Nb7 20. fxe5 Nxe5 21. Bb3 Qd7 22. Qd4 c6 23. c4 dxc4 24. Qxd7 Nxd7 25. dxc4 Kf8 26. c5 Ne5 27. Rb1 a5 28. a3 axb4 29. axb4 Rad8 30. Nf3 Nxf3+ 31. Rxf3 Re2 32. Rf2 Rxf2 33. Kxf2 Rd2+ 34. Kf3 Nd8 35. h3 Nf7 36. Bxf7 Kxf7 37. Ra1 Rb2 38. Ra6 Rxb4 39. Rxc6 Rc4 40. Rc7+ Kf8 41. Ke3 h5 42. c6 h4 43. Kd3 Ke8 44. Rxg7 Rxc6 45. Rg4 Rc5 46. Rf4 Ke7 47. Ke3 Kd6 48. Rd4+ Rd5 49. Rxh4 Rxf5 50. g4 Rc5 51. Rh6 Ke7 52. Rh7+ 1/2-1/2

[Event "Belgrade-chT"]
[Site "Belgrade"]
[Date "2014.05.05"]
[Round "1"]
[White "Todorovic, Milos"]
[Black "Petrovic, Zoran Z"]
[Result "1/2-1/2"]
[WhiteElo "2086"]
[BlackElo "2094"]
[PlyCount "57"]
[EventDate "2014.05.05"]
[EventType "swiss"]
[EventRounds "5"]
[EventCountry "SRB"]
[SourceTitle "CBM 160 Extra"]
[Source "ChessBase"]
[SourceDate "2014.07.01"]
[SourceVersion "1"]
[SourceVersionDate "2014.07.01"]
[SourceQuality "1"]

1. e4 c5 2. Nf3 Nc6 3. d4 cxd4 4. Nxd4 e5 5. Nb5 d6 6. c4 Be7 7. Be3 a6 8. N5c3 f5 9. Nd5 Rb8 10. Bb6 Qd7 11. Nc7+ Kf8 12. Nc3 Nf6 13. exf5 Qxf5 14. Bd3 Qd7 15. 0-0 Nd4 16. f4 Qc6 17. N3d5 Ne6 18. fxe5 dxe5 19. Ba7 Bc5+ 20. Bxc5+ Qxc5+ 21. Kh1 Nxc7 22. Nxf6 gxf6 23. Rxf6+ Ke7 24. Qf3 Be6 25. Rf1 Kd7 26. Rf7+ Kc8 27. Rf8+ Kd7 28. Rf7+ Kc8 29. Rf8+ 1/2-1/2

[Event "Belgrade Trophy 23rd"]
[Site "Obrenovac"]
[Date "2010.11.28"]
[Round "5"]
[White "Milovanovic, Andrija"]
[Black "Todorovic, Milos"]
[Result "0-1"]
[WhiteElo "1803"]
[BlackElo "2106"]
[PlyCount "58"]
[EventDate "2010.11.24"]
[EventType "swiss"]
[EventRounds "9"]
[EventCountry "YUG"]
[SourceTitle "CBM 139 Extra"]
[Source "ChessBase"]
[SourceDate "2011.01.05"]
[SourceVersion "1"]
[SourceVersionDate "2011.01.05"]
[SourceQuality "1"]

1. e4 e5 2. Nf3 Nc6 3. d4 exd4 4. c3 dxc3 5. Bc4 cxb2 6. Bxb2 d6 7. Nc3 Be7 8. Nd5 Nf6 9. Qc2 0-0 10. 0-0-0 Be6 11. Rhe1 Bxd5 12. exd5 Ne5 13. Nxe5 dxe5 14. Bxe5 Nd7 15. f4 Bd6 16. Rd3 Nxe5 17. fxe5 Qg5+ 18. Kb1 Bxe5 19. Rh3 g6 20. Rhe3 Bxh2 21. Rh3 Bd6 22. Reh1 h5 23. g4 Qxg4 24. Be2 Qb4+ 25. Rb3 Qc5 26. Qd3 Be5 27. Bxh5 Qd4 28. Qf3 Qa1+ 29. Kc2 Qxa2+ 0-1

[Event "Belgrade Trophy 23rd"]
[Site "Obrenovac"]
[Date "2010.11.27"]
[Round "4"]
[White "Todorovic, Milos"]
[Black "Ingason, Sigurdur"]
[Result "0-1"]
[WhiteElo "2106"]
[BlackElo "1887"]
[PlyCount "38"]
[EventDate "2010.11.24"]
[EventType "swiss"]
[EventRounds "9"]
[EventCountry "YUG"]
[SourceTitle "CBM 139 Extra"]
[Source "ChessBase"]
[SourceDate "2011.01.05"]
[SourceVersion "1"]
[SourceVersionDate "2011.01.05"]
[SourceQuality "1"]

1. e4 e5 2. Nf3 Nf6 3. d4 Nxe4 4. Bd3 Nc6 5. Bxe4 d5 6. Nxe5 dxe4 7. Nxc6 bxc6 8. 0-0 Be7 9. Re1 f5 10. f3 0-0 11. fxe4 fxe4 12. Rxe4 Ba6 13. Re1 Bh4 14. g3 Qf6 15. Be3 Bg5 16. Qd2 Bxe3+ 17. Qxe3 Rae8 18. Qxe8 Rxe8 19. Rxe8+ Kf7 0-1

[Event "Belgrade tt Cup"]
[Site "Belgrade"]
[Date "2009.04.10"]
[Round "3"]
[White "Ravic, Nenad"]
[Black "Todorovic, Milos"]
[Result "1-0"]
[WhiteElo "2186"]
[BlackElo "2105"]
[PlyCount "102"]
[EventDate "2009.04.08"]
[EventType "team-tourn"]
[EventRounds "5"]
[EventCountry "YUG"]
[SourceTitle "CBM 129 Extra"]
[Source "ChessBase"]
[SourceDate "2009.05.05"]
[SourceVersion "2"]
[SourceVersionDate "2009.05.20"]
[SourceQuality "1"]

1. e4 e5 2. d4 exd4 3. Qxd4 Nc6 4. Qe3 Nf6 5. Bd2 d6 6. Nc3 Be7 7. 0-0-0 0-0 8. Qg3 Nh5 9. Qf3 Nf6 10. h3 Ne5 11. Qe3 Be6 12. g4 c6 13. b3 Ned7 14. f4 Nc5 15. Bg2 d5 16. exd5 Nxd5 17. Nxd5 Bxd5 18. Bc3 Qb6 19. Qxe7 Rfe8 20. Qg5 Ne6 21. Qe5 Bxg2 22. Rh2 f6 23. Qe2 Bd5 24. Qf2 Rad8 25. Ne2 Qxf2 26. Rxf2 Nc5 27. Bd4 Ne4 28. Rff1 c5 29. Bg1 Bc6 30. Rxd8 Rxd8 31. Rd1 Rxd1+ 32. Kxd1 Kf7 33. Ke1 g5 34. fxg5 fxg5 35. Nc1 Ke6 36. Nd3 b6 37. Bh2 a6 38. c4 Nd6 39. Kf2 Be4 40. Ke3 Bg2 41. h4 h6 42. hxg5 hxg5 43. a4 a5 44. Ne1 Bc6 45. Nf3 Bxf3 46. Kxf3 Ne8 47. Bb8 Nf6 48. Bc7 Nd7 49. Bd8 Ne5+ 50. Kg3 Nc6 51. Bxb6 Nd4 1-0